Najludniejsze miasta świata z wyjątkami - Statystyki

Ogólne statystyki
  • Ten quiz został rozwiązany 31 razy
  • Średni wynik to 17 z 28
Statystyki odpowiedzi
Liczba ludności Odpowiedź % Poprawnych
9800000 Londyn
96%
15800000 Stambuł
96%
21800000 Meksyk
89%
13000000 Moskwa
89%
10200000 Kair
81%
33800000 Dżakarta
74%
9750000 Lima
74%
9034000 Bangkok
70%
8000000 Bogota
70%
16800000 Dhaka
67%
16600000 Lagos
67%
6300000 Santiago
63%
23000000 Seul
63%
5960000 Singapur
63%
9000000 Teheran
63%
7750000 Bagdad
59%
24900000 Manila
59%
16300000 Kinszasa
56%
14900000 Karaczi
52%
8500000 Kuala lumpur
52%
7000000 Rijad
52%
6000000 Chartum
48%
5950000 Aleksandria
37%
5900000 Abidżan
33%
11150000 Lahaur
33%
7300000 Ho Chi Minh
30%
6500000 Surabaja
15%
7200000 Bandung
11%
Nie znaleziono quizów pasujących do podanych kryteriów
Rozkład punktacji
Procent ludzi z każdym wynikiem
Percentyl według liczby udzielonych odpowiedzi
Twoja historia wyników
Nie rozwiązałeś tego quizu